00790nam a22002297a 450000500170000001000130001702000220003003500130005203700160006504000120008108200160009310000290010924500690013826000280020730000280023550000500026365000240031365000340033794200250037199900190039695201450041520170124110008.0 aA-752194 c00.00a8170364590 aA-752194 bCen Lib/Ret aDPLbEN a303.34bSIN aSinha, Jai B. P. 917182 aThe cultural context of leadership and power /cby Jai B P Sinha bSage Publicationsc1995 a252p. :c18cm(Hb)bill. aIncludes bibliographical references and index aLeadership. 917183 aPower (Social sciences)98281 2ddccENh303.34mSIN c126304d126304 04104070aLbLd2015-06-25eCen Lib/Retg0.00l0o303.34 SINpA-752194r2015-06-25 00:00:00t1v0.00w2015-06-25yENzW/d list no. 6839/21